Tous les pays participants aux Coupes ou Championnats du Monde-Hommes - Statistiques

Statistiques générales
  • Ce quiz a été pris 104 fois
  • Le résultat moyen est 92 sur 125
Statistiques - réponses
Réponse % Correct
France
99%
Argentine
95%
Allemagne (+ RFA)
94%
Brésil
93%
Chine
92%
Espagne
92%
Etats-Unis
92%
Australie
91%
Canada
91%
Japon
91%
Portugal
91%
Grande-Bretagne
90%
Italie
90%
Irlande
88%
Russie
88%
Corée du Sud
87%
Corée Unifiée
87%
Norvège
87%
Suède
87%
Danemark
86%
Finlande
86%
Grèce
86%
Suisse
86%
Angleterre
85%
Maroc
85%
Mexique
85%
Afrique du Sud
84%
Algérie
84%
Colombie
84%
Hongrie
84%
Nouvelle-Zélande
84%
Roumanie
84%
Slovaquie
84%
Ukraine
84%
Autriche
83%
Belgique
83%
Corée du Nord
83%
Inde
83%
Uruguay
83%
Paraguay
81%
Pérou
81%
Chili
80%
Croatie
80%
Islande
80%
Pays-Bas
80%
Pologne
80%
Qatar
79%
Egypte
78%
Egypte (+ République Arabe Unie)
78%
Iran
78%
Slovénie
78%
Turquie
78%
Arabie Saoudite
77%
Fidji
77%
Irak
77%
Lettonie
77%
Lituanie
77%
RD Congo
77%
RD Congo (Zaïre)
77%
Serbie
77%
Serbie-et-Monténégro
77%
Bolivie
76%
Bulgarie
76%
Cameroun
76%
Panama
76%
République Tchèque
76%
Venezuela
76%
Ecosse
74%
Nigeria
74%
Sénégal
74%
Tunisie
74%
Albanie
73%
Angola
73%
Biélorussie
73%
Costa Rica
73%
Côte d'Ivoire
73%
Equateur
73%
Luxembourg
73%
Honduras
72%
Israël
72%
Pays de Galles
72%
Indonésie
70%
Indonésie (Indes Orientales Néerlandaises)
70%
Kenya
70%
Monténégro
70%
Samoa
70%
Cuba
69%
Géorgie
69%
Tonga
69%
Irlande du Nord
67%
Jamaïque
67%
Kazakhstan
67%
Macédoine du Nord
67%
Pakistan
67%
Thaïlande
67%
Bosnie-Herzégovine
66%
Liban
66%
Ghana
65%
Malaisie
65%
Namibie
65%
Zimbabwe
65%
Guinée
64%
Philippines
63%
Togo
63%
URSS
63%
Emirats Arabes Unis
62%
Haïti
62%
Libye
60%
Mongolie
60%
Jordanie
59%
Salvador
59%
Yougoslavie
59%
Koweït
57%
République Dominicaine
56%
Taïwan
53%
Taïwan (Formose)
53%
Tchécoslovaquie
52%
Cap-Vert
47%
République Centrafricaine
47%
Trinité-et-Tobago
45%
Bahreïn
44%
RDA
44%
Soudan du Sud
44%
Porto Rico
26%
Groenland
16%
Aucun quiz correspondant
Distribution des résultats
% des personnes avec chaque résultat
Percentile par nombre de réponses
Votre historique - résultats
Vous n’avez pas pris ce quiz